=LDR 00000nam 2200000 4500 =001 INLIS000000000026282 =005 20130612124732 =008 ***********************************ind** =035 ##$$0010-061300000026282 =041 ##$$a ind =082 ##$$a 369.48 =090 ##$$a 369.48, PIT p =100 ##$$a Pitojo, Setijo =245 ##$$a Petunjuk pengendalian dan pemanfaatan keong mas, Setijo Pitojo =260 ##$$a 1996 $b Ungaran =300 ##$$a vii, 106 hlm., ilus., 21 cm =650 ##$$a Siput =850 ##$$a NBPNMAT